000 00460nam a2200193Ia 4500
005 20250423101658.0
008 250422s9999 xx 000 0 und d
020 _a0070609381
050 _aTD 345 .M33/
100 _aTerence J.McGhee
245 0 _aWater supply and swerage
250 _a6th ed.
260 _aNew York
260 _bMcGhee-Hill
260 _c1991
300 _a602 p
650 _a Water-supply engineering. Sewerage
942 _cBK
999 _c36957
_d36957